书目信息 |
| 题名: |
化学工程手册 6
|
|
| 作者: | 本书编委会 | |
| 分册: | ||
| 出版信息: | 北京 化学工业出版社 |
|
| 页数: | 275页 | |
| 开本: | 16开 | |
| 丛书名: | ||
| 单 册: | ||
| 中图分类: | TQ-62 | |
| 科图分类: | ||
| 主题词: | 化学工业 | |
| 电子资源: | ||
| ISBN: | 7-5025-0653-5 | |
| 000 | 00541nam0 2200193 45 | |
| 001 | 0006191130 | |
| 005 | 20000619111406.7 | |
| 010 | @a7-5025-0653-5@d30.00元 | |
| 100 | @a20000619d km y0chiy0120 ea | |
| 101 | 0 | @achi |
| 105 | @a z 000yy | |
| 200 | 1 | @a化学工程手册 6@AHua Xue Gong Cheng Shou Ce 6@f本书编委会@FBen Shu Bian Wei Hui |
| 210 | @a北京@c化学工业出版社 | |
| 215 | @a275页@d16开 | |
| 606 | 0 | @a化学工业 |
| 690 | @aTQ-62@v3 | |
| 701 | 0 | @a本书编委会 |
| 801 | @aCN@bPftUser@c20000619 | |
| 905 | @b207058-059@dTQ-62@eH:282:6@f2 | |
| 化学工程手册 6/本书编委会.-北京:化学工业出版社 |
| 275页;16开 |
| ISBN 7-5025-0653-5:30.00元 |
| ● |
| 相关链接 |
|
|
|
正题名:化学工程手册6
索取号:TQ-62/H:282:6
 
预约/预借
| 序号 | 登录号 | 条形码 | 馆藏地/架位号 | 状态 | 备注 |
| 1 | 207058 | 202070588 | 自科库501/501自科库 137排1列2层/ [索取号:TQ-62/H:282:6] | 在馆 | |
| 2 | 207059 | 202070597 | 期刊室512/501自科库 137排1列2层/ [索取号:TQ-62/H:282:6] | 在馆 |